<?xml version="1.0" encoding="UTF-8"?><?xml-stylesheet type="text/xsl" href="static/style.xsl"?><OAI-PMH xmlns="http://www.openarchives.org/OAI/2.0/" xmlns:xsi="http://www.w3.org/2001/XMLSchema-instance" xsi:schemaLocation="http://www.openarchives.org/OAI/2.0/ http://www.openarchives.org/OAI/2.0/OAI-PMH.xsd"><responseDate>2026-04-14T08:38:54Z</responseDate><request verb="GetRecord" identifier="oai:www.recercat.cat:10230/56014" metadataPrefix="marc">https://recercat.cat/oai/request</request><GetRecord><record><header><identifier>oai:recercat.cat:10230/56014</identifier><datestamp>2026-04-03T00:38:45Z</datestamp><setSpec>com_2072_6</setSpec><setSpec>col_2072_452952</setSpec></header><metadata><record xmlns="http://www.loc.gov/MARC21/slim" xmlns:dcterms="http://purl.org/dc/terms/" xmlns:xsi="http://www.w3.org/2001/XMLSchema-instance" xmlns:doc="http://www.lyncode.com/xoai" xsi:schemaLocation="http://www.loc.gov/MARC21/slim http://www.loc.gov/standards/marcxml/schema/MARC21slim.xsd">
   <leader>00925njm 22002777a 4500</leader>
   <datafield ind2=" " ind1=" " tag="042">
      <subfield code="a">dc</subfield>
   </datafield>
   <datafield ind2=" " ind1=" " tag="720">
      <subfield code="a">Miret, Carme</subfield>
      <subfield code="e">author</subfield>
   </datafield>
   <datafield ind2=" " ind1=" " tag="720">
      <subfield code="a">Orive, Miren</subfield>
      <subfield code="e">author</subfield>
   </datafield>
   <datafield ind2=" " ind1=" " tag="720">
      <subfield code="a">Sala i Serra, Maria</subfield>
      <subfield code="e">author</subfield>
   </datafield>
   <datafield ind2=" " ind1=" " tag="720">
      <subfield code="a">García-Gutiérrez, Susana</subfield>
      <subfield code="e">author</subfield>
   </datafield>
   <datafield ind2=" " ind1=" " tag="720">
      <subfield code="a">Sarasqueta, Cristina</subfield>
      <subfield code="e">author</subfield>
   </datafield>
   <datafield ind2=" " ind1=" " tag="720">
      <subfield code="a">Legarreta, Maria José</subfield>
      <subfield code="e">author</subfield>
   </datafield>
   <datafield ind2=" " ind1=" " tag="720">
      <subfield code="a">Redondo, Maximino</subfield>
      <subfield code="e">author</subfield>
   </datafield>
   <datafield ind2=" " ind1=" " tag="720">
      <subfield code="a">Rivero, Amado</subfield>
      <subfield code="e">author</subfield>
   </datafield>
   <datafield ind2=" " ind1=" " tag="720">
      <subfield code="a">Castells, Xavier</subfield>
      <subfield code="e">author</subfield>
   </datafield>
   <datafield ind2=" " ind1=" " tag="720">
      <subfield code="a">Quintana, José María</subfield>
      <subfield code="e">author</subfield>
   </datafield>
   <datafield ind2=" " ind1=" " tag="720">
      <subfield code="a">Garin Boronat, Olatz, 1979-</subfield>
      <subfield code="e">author</subfield>
   </datafield>
   <datafield ind2=" " ind1=" " tag="720">
      <subfield code="a">Ferrer Forés, Maria Montserrat</subfield>
      <subfield code="e">author</subfield>
   </datafield>
   <datafield ind2=" " ind1=" " tag="720">
      <subfield code="a">REDISSEC-CaMISS Group</subfield>
      <subfield code="e">author</subfield>
   </datafield>
   <datafield ind2=" " ind1=" " tag="260">
      <subfield code="c">2023-03-03T07:40:13Z</subfield>
   </datafield>
   <datafield ind2=" " ind1=" " tag="260">
      <subfield code="c">2023-03-03T07:40:13Z</subfield>
   </datafield>
   <datafield ind2=" " ind1=" " tag="260">
      <subfield code="c">2023</subfield>
   </datafield>
   <datafield ind2=" " ind1=" " tag="520">
      <subfield code="a">Purpose: To obtain reference norms of EORTC QLQ-C30, EORTC QLQ-BR23, and EQ-5D-5L, based on a population of Spanish non-metastatic breast cancer patients at diagnosis and 2 years after, according to relevant demographic and clinical characteristics. Methods: Multicentric prospective cohort study including consecutive women aged ≥ 18 years with a diagnosis of incident non-metastatic breast cancer from April 2013 to May 2015. Health-related quality of life (HRQoL) questionnaires were administered between diagnosis and beginning the therapy, and 2 years after. HRQoL differences according to age, comorbidity and stage were tested with ANOVA or Chi Square test and multivariate linear regression models. Results: 1276 patients were included, with a mean age of 58 years. Multivariate models of EORTC QLQ-C30 summary score and EQ-5D-5L index at diagnosis and at 2-year follow-up show the independent association of comorbidity and tumor stage with HRQoL. The standardized multivariate regression coefficient of EORTC QLQ-C30 summary score was lower (poorer HRQoL) for women with stage II and III than for those with stage 0 at diagnosis (- 0.11 and - 0.07, p &amp;lt; 0.05) and follow-up (- 0.15 and - 0.10, p &amp;lt; 0.01). The EQ-5D-5L index indicated poorer HRQoL for women with Charlson comorbidity index ≥ 2 than comorbidity 0 both at diagnosis (- 0.13, p &amp;lt; 0.001) and follow-up (- 0.18, p &amp;lt; 0.001). Therefore, we provided the reference norms at diagnosis and at the 2-year follow-up, stratified by age, comorbidity index, and tumor stage. Conclusion: These HRQoL reference norms can be useful to interpret the scores of women with non-metastatic breast cancer, comparing them with country-specific reference values for this population.</subfield>
   </datafield>
   <datafield ind2=" " ind1=" " tag="520">
      <subfield code="a">The authors would like to acknowledge the support given by the Basque Government (ref IT1598-22) and by the Ministry of Education (ref PID2020-115738GB-100). Finally, the authors also thank Áurea Martín for her support in English editing, proofreading, and preparing this manuscript for submission.</subfield>
   </datafield>
   <datafield ind2="0" ind1="0" tag="245">
      <subfield code="a">Reference values of EORTC QLQ-C30, EORTC QLQ-BR23, and EQ-5D-5L for women with non-metastatic breast cancer at diagnosis and 2 years after</subfield>
   </datafield>
</record></metadata></record></GetRecord></OAI-PMH>